Abnormal child psychology/ (Record no. 10312)
[ view plain ]
| 000 -LEADER | |
|---|---|
| fixed length control field | 01267nam a22001817a 4500 |
| 005 - DATE AND TIME OF LATEST TRANSACTION | |
| control field | 20240726132744.0 |
| 008 - FIXED-LENGTH DATA ELEMENTS--GENERAL INFORMATION | |
| fixed length control field | 240718b ||||| |||| 00| 0 eng d |
| 020 ## - INTERNATIONAL STANDARD BOOK NUMBER | |
| International Standard Book Number | 9780495506171 |
| 050 ## - LIBRARY OF CONGRESS CALL NUMBER | |
| Classification number | RJ503.5.A57 |
| 245 ## - TITLE STATEMENT | |
| Title | Abnormal child psychology/ |
| Statement of responsibility, etc. | Eric J. Mash et al. |
| 250 ## - EDITION STATEMENT | |
| Edition statement | 4ed |
| 260 ## - PUBLICATION, DISTRIBUTION, ETC. | |
| Place of publication, distribution, etc. | Belmont: |
| Name of publisher, distributor, etc. | Wadsworth cengage learning, |
| Date of publication, distribution, etc. | 2010. |
| 300 ## - PHYSICAL DESCRIPTION | |
| Extent | xviii,547p.: |
| Dimensions | 28cm |
| 500 ## - GENERAL NOTE | |
| General note | Includes glossary and index. |
| 505 ## - FORMATTED CONTENTS NOTE | |
| Formatted contents note | Part I :Understanding abnormal child psychology : Introduction to normal and abnormal behavior in children and adolescent -- Theories and causes -- Research -- Assessment, diagnosis, and treatment -- Part II : Behavioral disorder : Anxiety-Deficit/Hperactivity disorder (ADHD) -- Conduct problems Part III : Emotional disorder : Anxiety disorder -- Mood disorder Part IV : Developmental and learning disorders : Intellectual disability (mental retardation) -- Autism spectrum disorder and childhood-Onset schizophrenia -- Communication and learning disorders Part V : Problems related to physical and mental health : Health related and substance use disorders -- Eating disorders and related conditions -- Child maltreatment and non-accidental trauma |
| 700 ## - ADDED ENTRY--PERSONAL NAME | |
| Personal name | Wolfe, David A. |
| 9 (RLIN) | 68 |
| 942 ## - ADDED ENTRY ELEMENTS (KOHA) | |
| Source of classification or shelving scheme | Library of Congress Classification |
| Koha item type | Books |
| Edition | 4ed |
| Call number prefix | RJ503.5.A57 |
| Withdrawn status | Lost status | Source of classification or shelving scheme | Damaged status | Not for loan | Home library | Current library | Shelving location | Date acquired | Full call number | Barcode | Date last seen | Price effective from | Koha item type |
|---|---|---|---|---|---|---|---|---|---|---|---|---|---|
| Library of Congress Classification | WISCONSIN INTERNATIONAL UNIVERSITY COLLEGE, GHANA - MAIN LIBRARY | WISCONSIN INTERNATIONAL UNIVERSITY COLLEGE, GHANA - MAIN LIBRARY | Reference | 18/07/2024 | RJ503.5.A57 | 9763/464/24 | 18/07/2024 | 18/07/2024 | Books |
